Prague Metro Stations in Order - Statistics

General Stats
  • This quiz has been taken 158 times
  • The average score is 51 of 71
Answer Stats
Hint Answer % Correct
A Nemocnice Motol
90%
A Depo Hostivař
88%
C Háje
87%
A/C Muzeum
87%
B Zličín
87%
A/B Můstek
86%
A Dejvická
84%
C/D Pankrác
84%
A Staroměstská
84%
B Černý Most
83%
A Hradčanská
83%
A Malostranská
83%
C/A Muzeum
83%
A Bořislavka
82%
C Chodov
82%
C Hlavní nádraží
82%
A Skalka
82%
C/B Florenc
81%
A Jiřího z Poděbrad
81%
B/A Můstek
81%
A Nádraží Veleslavín
81%
A/D Náměstí Míru
81%
A Flora
80%
B/C Florenc
80%
C Opatov
80%
A Petřiny
80%
C Budějovická
79%
C I. P. Pavlova
79%
C Letňany
79%
C Vyšehrad
79%
C Kačerov
78%
C Pražského povstání
78%
C Roztyly
78%
C Nádraží Holešovice
77%
B Náměstí republiky
76%
A Strašnická
76%
B Luka
74%
C Vltavská
74%
A Želivského
74%
C Kobylisy
73%
B Rajská Zahrada
73%
B Anděl
72%
B Národní třída
72%
B Invalidovna
72%
B Palmovka
72%
B Karlovo náměstí
71%
B Křižíkova
71%
B Smíchovské nádraží
70%
B Lužiny
69%
C Prosek
69%
B Stodůlky
69%
B Českomoravská
68%
C Ládví
68%
C Střížkov
67%
B Hůrka
66%
B Nové Butovice
66%
B Vysočanská
66%
B Hloubětín
65%
B Jinonice
65%
B Radlická
65%
B Kolbenova
63%
D/C Pankrác
61%
D/A Náměstí Míru
57%
D Depo Písnice
51%
D Náměstí Bratří Synků
51%
D Písnice
48%
D Nemocnice Krč
44%
D Olbrachtova
41%
D Libuš
39%
D Nádraží Krč
36%
D Nové Dvory
36%
No matching quizzes found
Score Distribution
Percent of People with Each Score
Percentile by Number Answered
Your Score History
You have not taken this quiz